000 00665cam a22002411 4500
001 7475516
003 GBCCL
005 20241126110339.0
008 750822s1958 nyua 001 0 eng
010 _a 58008399
035 _a(OCoLC)1563744
040 _aDLC
_cF
_dOCoLC
_dDLC
042 _apremarc
050 0 0 _aGT4985
_b.W413
082 _a394.2663
_223
_bCOM
100 1 _aWatts, Franklin,
_eed.
245 1 4 _aThe complete Christmas book.
_cIllustrated by William Ronin.
260 _aNew York,
_bF. Watts, inc.
_c[1958]
300 _a339 p.
_billus.
_c26 cm.
650 0 _aChristmas.
906 _a7
_bcbc
_coclcrpl
_du
_encip
_f19
_gy-gencatlg
942 _2ddc
_cBK
999 _c501
_d501